000 00679nam a2200241Ia 4500
003 OSt
005 20220928103725.0
006 a|||||r|||| 00| 0
007 ta
008 220927b |||||||| |||| 00| 0 eng d
024 _a46398
037 _cTextual
040 _aSDCL
_cSDCL
_beng
041 _2eng
_aeng
082 _aO152,1M89:g, K1
100 _aSnatak Vijayendra
_9406768
245 0 _aMahakavi Prasad.
260 _aDelhi
_bBharti Sahitya Mandir
_c1961
300 _a240p
_ccm.
700 _a Khandelwal Rameshwar Lal
_9406769
942 _hO152,1M89:g, K1
_cTEXL
_2CC
999 _c722303
_d722303